Canadian slang words - Statistics

General Stats
  • This quiz has been taken 13 times
  • The average score is 2 of 10
Answer Stats
Hint Answer % Correct
1. Eh
82%
6. Loonie/Toonie
27%
4. Double-double
18%
3. Timmie's
18%
2. Toque
18%
5. Poutine
9%
10. Washroom
9%
9. Clicks
0%
7. Give'r
0%
8. Pop
0%
No matching quizzes found
Score Distribution
Percent of People with Each Score
Percentile by Number Answered
Your Score History
You have not taken this quiz